000
00352nam a2200133Ia 4500
008
151021s9999 xx 000 0 und d
020
_a
9.7899664681e+012
050
_a
PL 8704 .M 1996
245
_a
_Vipuli Vya Figo Emmanuel Mbogo
260
_a
Nairobi E.A.E.P 1996
300
_a
262p.
650
_a
_fasihi
980
_a
^d20131017 11:16:59^oanne
999
_c
14512
_d
14512